[Event "Moscow Open 2009 A"]
[Site ""]
[Date "2009.02.05"]
[Round "6.50"]
[White "Paveliev, Alexey"]
[Black "Krapivin, Alexander"]
[Result "1/2-1/2"]
[WhiteElo "2396"]
[BlackElo "2501"]
[Annotator ""]
[Source ""]
[Remark ""]

1.e4 c5 2.Nf3 e6 3.Nc3 Nc6 4.Bb5 Nd4 5.O-O Nxb5 6.Nxb5 a6 7.Nc3
d6 8.d4 b6 9.Bg5 Be7 10.Bxe7 Qxe7 11.dxc5 bxc5 12.Nd2 Bb7 13.Nc4
Rd8 14.Qf3 Nf6 15.Rfe1 O-O 16.Rad1 Nxe4 17.Nxe4 f5 18.Rxd6 Bxe4
19.Qf4 Bxc2 20.f3 Rxd6 21.Qxd6 Re8 22.Qxe7 Rxe7 23.Rc1 Ba4 24.Ne5
g5 25.b3 Bb5 26.Rxc5 1/2-1/2

[Event "Moscow Open 2009 A"]
[Site ""]
[Date "2009.02.05"]
[Round "6.51"]
[White "Tregubov, Andrei"]
[Black "Naumkin, Igor"]
[Result "1-0"]
[WhiteElo "2374"]
[BlackElo "2501"]
[Annotator ""]
[Source ""]
[Remark ""]

1.d4 Nf6 2.c4 e6 3.Nc3 Bb4 4.Bg5 h6 5.Bh4 c5 6.d5 Bxc3+ 7.bxc3
d6 8.e3 e5 9.f3 Bf5 10.Qb3 g5 11.Bg3 Qe7 12.e4 Bg6 13.Bf2 Nbd7
14.Rb1 O-O 15.Be3 Kg7 16.Rb2 g4 17.Qc2 b6 18.Bd3 Kh7 19.Qf2 gxf3
20.Qh4 Ng8 21.Nxf3 Qxh4+ 22.Nxh4 Ngf6 23.Nxg6 fxg6 24.O-O Kg7
25.a4 Ng4 26.Rxf8 Rxf8 27.Bc1 g5 28.a5 Rb8 29.h3 Ngf6 30.Ra2
a6 31.Kf2 bxa5 32.Bc2 Nh5 33.g3 Rf8+ 34.Kg2 Nb6 35.Rxa5 Rb8 36.Bd3
Nf6 37.Kf3 Kg6 38.Be2 h5 39.h4 Ng4 40.Kg2 gxh4 41.gxh4 Nf6 42.Bg5
Kg7 43.Kf3 Nh7 44.Be7 Nc8 45.Bd8 Kf7 46.Ra1 Ke8 47.Ba5 1-0

[Event "Moscow Open 2009 A"]
[Site ""]
[Date "2009.02.05"]
[Round "6.52"]
[White "Ageichenko, Genadi A"]
[Black "Ulko, Jaroslav"]
[Result "1/2-1/2"]
[WhiteElo "2367"]
[BlackElo "2501"]
[Annotator ""]
[Source ""]
[Remark ""]

1.Nf3 Nf6 2.d4 g6 3.Bg5 Bg7 4.Nbd2 c5 5.Bxf6 Bxf6 6.Ne4 Bxd4
7.Nxd4 cxd4 8.Qxd4 O-O 9.c4 d6 10.Nc3 Be6 11.e4 Qa5 12.Be2 Qc5
13.Qxc5 dxc5 14.O-O-O Nc6 15.f4 Nd4 16.Bd3 Rad8 17.Rhf1 f6 18.h3
Kg7 19.Rfe1 b6 20.Nd5 Bxd5 21.exd5 Rfe8 22.Re3 e6 23.Rde1 Kf7
24.dxe6+ Rxe6 25.Be4 Ree8 26.h4 Kf8 27.g4 f5 28.gxf5 gxf5 29.Bd5
Rxe3 30.Rxe3 Rd7 31.Kd2 a5 32.Rg3 Rg7 33.Rg5 h6 34.Rxg7 Kxg7
35.h5 a4 36.a3 1/2-1/2

[Event "Moscow Open 2009 A"]
[Site ""]
[Date "2009.02.05"]
[Round "6.54"]
[White "Matinian, Nikita"]
[Black "Pushkov, Nikolai"]
[Result "1-0"]
[WhiteElo "2361"]
[BlackElo "2486"]
[Annotator ""]
[Source ""]
[Remark ""]

1.e4 e6 2.d4 d5 3.Nc3 Bb4 4.e5 c5 5.a3 Bxc3+ 6.bxc3 Qa5 7.Bd2
Qa4 8.Qg4 g6 9.Nf3 Qxc2 10.dxc5 Qe4+ 11.Qxe4 dxe4 12.Ng5 f5 13.exf6
Nxf6 14.Bc4 Na6 15.Be3 Nc7 16.Bd4 O-O 17.O-O h6 18.Bxf6 hxg5
19.Bxg5 Bd7 20.Rfd1 Bc6 21.Rd6 Rae8 22.Rb1 Nd5 23.Bxd5 Bxd5 24.c4
Bc6 25.a4 Rf5 26.Be3 Rf7 27.a5 a6 28.Rb6 Rc7 29.Bf4 Kf7 30.Kf1
Ree7 31.Ke2 Rc8 1-0

[Event "Moscow Open 2009 A"]
[Site ""]
[Date "2009.02.05"]
[Round "6.55"]
[White "Airapetian, Gor"]
[Black "Petrosian, Davit G"]
[Result "1/2-1/2"]
[WhiteElo "2346"]
[BlackElo "2477"]
[Annotator ""]
[Source ""]
[Remark ""]

1.e4 e6 2.d4 d5 3.Nc3 Bb4 4.e5 Ne7 5.a3 Bxc3+ 6.bxc3 c5 7.Qg4
Qc7 8.Qxg7 Rg8 9.Qxh7 cxd4 10.Ne2 Nbc6 11.f4 Bd7 12.Qd3 dxc3
13.Rg1 O-O-O 14.g4 Qb6 15.Rg3 1/2-1/2

[Event "Moscow Open 2009 A"]
[Site ""]
[Date "2009.02.05"]
[Round "6.56"]
[White "Demidov, Mikhail"]
[Black "Mozharov, Mikhail"]
[Result "1-0"]
[WhiteElo "2288"]
[BlackElo "2475"]
[Annotator ""]
[Source ""]
[Remark ""]

1.d4 Nf6 2.Nf3 g6 3.g3 Bg7 4.Bg2 O-O 5.O-O d6 6.c4 a6 7.Nc3 Nc6
8.h3 Rb8 9.e4 b5 10.e5 dxe5 11.dxe5 Qxd1 12.Rxd1 Ne8 13.cxb5
Nxe5 14.Nxe5 Bxe5 15.bxa6 Bxa6 16.Re1 Bd6 17.Bh6 Ng7 18.Ne4 Rfd8 1-0

[Event "Moscow Open 2009 A"]
[Site ""]
[Date "2009.02.05"]
[Round "6.57"]
[White "Aldokhin, Ivan"]
[Black "Belov, Igor"]
[Result "1-0"]
[WhiteElo "2251"]
[BlackElo "2460"]
[Annotator ""]
[Source ""]
[Remark ""]

1.e4 d6 2.d4 g6 3.Nc3 Bg7 4.Bg5 Nd7 5.Qd2 a6 6.f4 b5 7.Nf3 c5
8.O-O-O cxd4 9.Nxd4 Bb7 10.Be2 Rc8 11.Qe3 Qc7 12.Kb1 Ngf6 13.Bf3
O-O 14.e5 Bxf3 15.exf6 exf6 16.gxf3 Rfe8 17.Qf2 fxg5 18.fxg5
Nb6 19.Ne4 d5 20.Nf6+ Bxf6 21.gxf6 Nd7 22.Rhg1 Qf4 23.Qg3 Re5
24.h4 Rce8 1-0

[Event "Moscow Open 2009 A"]
[Site ""]
[Date "2009.02.05"]
[Round "6.58"]
[White "Ivanov, Victor L"]
[Black "Nukin, Ashat"]
[Result "1-0"]
[WhiteElo "2499"]
[BlackElo "2270"]
[Annotator ""]
[Source ""]
[Remark ""]

1.e4 c5 2.c3 d5 3.exd5 Qxd5 4.d4 Nf6 5.Nf3 e6 6.Be2 Nc6 7.O-O
Be7 8.c4 Qd8 9.dxc5 O-O 10.Nc3 Nd7 11.Qc2 Bxc5 12.Bf4 e5 13.Bg3
f5 14.Bh4 Qa5 15.a3 Be7 16.Bxe7 Nxe7 17.b4 Qb6 18.c5 Qg6 19.Rad1
e4 20.Rd6 Rf6 21.Bc4+ Kh8 22.Ne5 Qe8 23.Rfd1 Nxe5 24.Rd8 1-0

[Event "Moscow Open 2009 A"]
[Site ""]
[Date "2009.02.05"]
[Round "6.59"]
[White "Stukopin, Andrey"]
[Black "Kharitonov, Andrei V"]
[Result "1/2-1/2"]
[WhiteElo "2357"]
[BlackElo "2563"]
[Annotator ""]
[Source ""]
[Remark ""]

1.e4 Nf6 2.Nc3 e5 3.Bc4 Nc6 4.d3 Bb4 5.Nge2 d5 6.exd5 Nxd5 7.a3
Bxc3+ 8.Nxc3 Be6 9.Ne4 O-O 10.O-O b6 11.Ng5 Bf5 12.Qf3 Nce7 13.b4
f6 14.Ne4 Qd7 15.d4 exd4 1/2-1/2

[Event "Moscow Open 2009 A"]
[Site ""]
[Date "2009.02.05"]
[Round "6.60"]
[White "Popilski, Gil"]
[Black "Vasiukov, Evgeni"]
[Result "1/2-1/2"]
[WhiteElo "2348"]
[BlackElo "2515"]
[Annotator ""]
[Source ""]
[Remark ""]

1.e4 c5 2.Nf3 Nc6 3.d4 cxd4 4.Nxd4 g6 5.c4 Bg7 6.Be3 Nf6 7.Nc3
Ng4 8.Qxg4 Nxd4 9.Qd1 Ne6 10.Rc1 d6 11.Bd3 Bd7 12.O-O O-O 13.b4
a5 14.a3 axb4 15.axb4 Ra3 16.Nd5 Nd4 17.Rc3 Ra8 18.Bb1 Ba4 19.Qd3
e5 20.b5 f5 21.Bxd4 exd4 22.Ra3 fxe4 23.Qxe4 Re8 24.Qf3 d3 25.Bxd3
Bb2 26.Ra2 Be5 27.h3 Kh8 28.Qf7 b6 29.Qc7 Qh4 30.Qxb6 Rab8 31.Qc7
Rbc8 32.Qd7 Bb3 33.Re2 Bxc4 34.Re3 Red8 1/2-1/2

[Event "Moscow Open 2009 A"]
[Site ""]
[Date "2009.02.05"]
[Round "6.61"]
[White "Egorov, Dmitry"]
[Black "Gurevich, Dmitry"]
[Result "0-1"]
[WhiteElo "2346"]
[BlackElo "2507"]
[Annotator ""]
[Source ""]
[Remark ""]

1.e4 c5 2.Nf3 d6 3.c3 Nf6 4.Bd3 g6 5.Bc2 Bg4 6.O-O Bg7 7.d3 Bxf3
8.Qxf3 Nc6 9.Nd2 O-O 10.Qh3 b5 11.Nf3 b4 12.d4 bxc3 13.bxc3 cxd4
14.cxd4 Qc8 15.Qh4 Nb4 16.Bb3 a5 17.e5 a4 18.exf6 Bxf6 19.Bxf7+
Rxf7 20.Bg5 Qf5 21.Bxf6 Qxf6 22.Qe4 Ra5 23.Qe1 Rb5 24.Rb1 0-1

[Event "Moscow Open 2009 A"]
[Site ""]
[Date "2009.02.05"]
[Round "6.62"]
[White "Petrushin, Alexander I"]
[Black "Tarasov, Oleg"]
[Result "1-0"]
[WhiteElo "2455"]
[BlackElo "2340"]
[Annotator ""]
[Source ""]
[Remark ""]

1.e4 c5 2.Nf3 d6 3.d4 cxd4 4.Nxd4 Nf6 5.Nc3 a6 6.f4 e5 7.Nf3
Nbd7 8.Bd3 Be7 9.O-O b5 10.a3 Bb7 11.Kh1 Rc8 12.Qe2 Qc7 13.fxe5
dxe5 14.Nh4 g6 15.Bh6 Bf8 16.Qd2 Qd6 17.Rad1 Bxh6 18.Qxh6 Qf8
19.Qg5 h6 20.Qg3 Qg7 21.Bxb5 axb5 22.Nf5 gxf5 23.Qxg7 1-0

[Event "Moscow Open 2009 A"]
[Site ""]
[Date "2009.02.05"]
[Round "6.63"]
[White "Pugachov, Alexey"]
[Black "Zhidkov, Valery S"]
[Result "1/2-1/2"]
[WhiteElo "2450"]
[BlackElo "2341"]
[Annotator ""]
[Source ""]
[Remark ""]

1.c4 e5 2.Nc3 Nc6 3.Nf3 Nf6 4.e3 Bb4 5.Qc2 O-O 6.Nd5 Re8 7.Ng5
g6 8.h4 Bf8 9.a3 a5 10.b3 d6 11.Bb2 Bf5 12.Bd3 Bxd3 13.Qxd3 Bg7
14.Nxf6+ Qxf6 15.Ne4 Qf5 16.h5 Rad8 17.f3 Ne7 18.hxg6 hxg6 19.Qe2
f6 20.O-O-O Qe6 21.g4 d5 22.cxd5 Qxd5 23.Qc4 c6 24.Rh2 b5 25.Qc2
Kf7 26.Rdh1 Rh8 1/2-1/2

[Event "Moscow Open 2009 A"]
[Site ""]
[Date "2009.02.05"]
[Round "6.64"]
[White "Obodchuk, Andrei"]
[Black "Przybylski, Wojciech"]
[Result "0-1"]
[WhiteElo "2445"]
[BlackElo "2337"]
[Annotator ""]
[Source ""]
[Remark ""]

1.e4 c5 2.Nf3 d6 3.d4 cxd4 4.Nxd4 Nf6 5.Nc3 a6 6.Bc4 e6 7.Bb3
b5 8.Bg5 Be7 9.Qf3 Qb6 10.O-O-O Nbd7 11.g4 O-O 12.Rhg1 Bb7 13.Qe3
b4 14.Na4 Qa5 15.f4 Nc5 16.Nxc5 dxc5 17.Nxe6 c4 18.Bxc4 fxe6
19.Bxe6+ Kh8 20.e5 Bc5 21.Qh3 Ne4 22.Bf5 Rxf5 23.gxf5 Qxa2 0-1

[Event "Moscow Open 2009 A"]
[Site ""]
[Date "2009.02.05"]
[Round "6.65"]
[White "Slugin, Sergey"]
[Black "Kovalev, Vladislav"]
[Result "1-0"]
[WhiteElo "2436"]
[BlackElo "2330"]
[Annotator ""]
[Source ""]
[Remark ""]

1.d4 Nf6 2.Nf3 g6 3.c4 Bg7 4.Nc3 d6 5.e4 O-O 6.Be2 e5 7.Be3 Ng4
8.Bg5 f6 9.Bh4 g5 10.Bg3 Nh6 11.c5 g4 12.Nh4 exd4 13.Nb5 f5 14.Nxf5
Bxf5 15.exf5 Nxf5 16.cxd6 cxd6 17.O-O h5 18.Bd3 a6 19.Bxf5 axb5
20.Bc2 d5 21.Qd3 Qg5 22.Qh7+ Kf7 23.f3 Nd7 24.Bf4 Qf6 25.Qxh5+
Kg8 1-0

[Event "Moscow Open 2009 A"]
[Site ""]
[Date "2009.02.05"]
[Round "6.66"]
[White "Bogachkov, Igor"]
[Black "Sergienko, Sergey"]
[Result "1-0"]
[WhiteElo "2324"]
[BlackElo "2434"]
[Annotator ""]
[Source ""]
[Remark ""]

1.e4 c6 2.d4 d5 3.e5 c5 4.dxc5 Nc6 5.Bb5 e6 6.Be3 Nge7 7.c3 Bd7
8.Bxc6 Bxc6 9.Bd4 Nf5 10.Nf3 Nxd4 11.Qxd4 a5 12.O-O a4 13.Nbd2
Qa5 14.b4 axb3 15.axb3 Qxa1 16.Rxa1 Rxa1+ 17.Nf1 Be7 18.g3 O-O
19.Qb4 Rb8 20.Nd4 Ra6 21.Ne3 Be8 22.c4 b6 23.cxd5 Bxc5 24.Qc4
Ra1+ 25.Kg2 exd5 26.Nxd5 Ra7 27.Nf5 Bc6 28.f3 Bxd5 29.Qxd5 g6
30.Nh6+ Kg7 31.Qd2 Be7 32.Ng4 Kh8 33.Qf4 Rf8 34.Nf6 Kg7 35.Nd5
Bd8 36.Qd4 Re8 37.f4 Kg8 38.h4 h5 39.Kf3 1-0

[Event "Moscow Open 2009 A"]
[Site ""]
[Date "2009.02.05"]
[Round "6.68"]
[White "Tenikashvili, Georgij"]
[Black "Matsenko, Sergei"]
[Result "1/2-1/2"]
[WhiteElo "2324"]
[BlackElo "2429"]
[Annotator ""]
[Source ""]
[Remark ""]

1.d4 d5 2.c4 c6 3.Nc3 Nf6 4.Nf3 e6 5.e3 Nbd7 6.Qc2 Bd6 7.Be2
O-O 8.O-O dxc4 9.Bxc4 b5 10.Be2 Bb7 11.Rd1 Qc7 12.e4 e5 13.Bg5
exd4 14.Rxd4 Bc5 15.Rd2 Ng4 16.Bh4 Qb6 17.Bf1 Nde5 18.Nxe5 Nxe5
19.Rc1 Ng6 20.Bg3 Be7 21.Rcd1 Bc8 22.e5 Bg4 23.Be2 Bxe2 24.Rxe2
Rad8 25.Ne4 Rxd1+ 26.Qxd1 Rd8 27.Rd2 Rxd2 28.Qxd2 1/2-1/2

[Event "Moscow Open 2009 A"]
[Site ""]
[Date "2009.02.05"]
[Round "6.69"]
[White "Appolonov, Sergey"]
[Black "Mikheev, Stanislav"]
[Result "1/2-1/2"]
[WhiteElo "2427"]
[BlackElo "2321"]
[Annotator ""]
[Source ""]
[Remark ""]

1.d4 Nf6 2.c4 g6 3.Nc3 d5 4.Nf3 Bg7 5.Bg5 Ne4 6.Bh4 Nxc3 7.bxc3
c5 8.cxd5 Qxd5 9.e3 Nc6 10.Be2 cxd4 11.cxd4 O-O 12.O-O Bf5 13.Qa4
Qe4 14.Rfd1 Rac8 15.Bd3 Qd5 16.Bxf5 Qxf5 17.Rac1 e6 18.Bg3 Rfd8
19.Rc5 Rd5 20.Rc4 Rdd8 21.Qa3 Bf8 22.Qc3 Ne7 23.Ne5 Rxc4 24.Qxc4
Rc8 25.Qb3 1/2-1/2

[Event "Moscow Open 2009 A"]
[Site ""]
[Date "2009.02.05"]
[Round "6.70"]
[White "Vorotnikov, Vladislav V"]
[Black "Oganisjn, Roman"]
[Result "1-0"]
[WhiteElo "2421"]
[BlackElo "2321"]
[Annotator ""]
[Source ""]
[Remark ""]

1.e4 e6 2.d4 d5 3.exd5 exd5 4.Nc3 Nc6 5.Bf4 Bd6 6.Qd2 a6 7.Nge2
Nge7 8.O-O-O O-O 9.Bxd6 Qxd6 10.Qf4 Rd8 11.h4 Bf5 12.f3 h6 13.a3
b5 14.Qxd6 Rxd6 15.Nf4 b4 16.axb4 Nxb4 17.Bd3 Nxd3+ 18.Nxd3 Nc6
19.Nc5 Nb4 20.Rd2 Re8 21.b3 Rg6 22.g4 Bc8 23.Nd3 Nxd3+ 24.Rxd3
c6 25.Nd1 f5 26.h5 Rg5 27.Ne3 fxg4 28.f4 Rf5 29.Nxf5 Bxf5 1-0

[Event "Moscow Open 2009 A"]
[Site ""]
[Date "2009.02.05"]
[Round "6.71"]
[White "Potapov, Alexey"]
[Black "Sek, Konstantin"]
[Result "1-0"]
[WhiteElo "2316"]
[BlackElo "2417"]
[Annotator ""]
[Source ""]
[Remark ""]

1.c4 e5 2.Nc3 Nc6 3.g3 Bc5 4.Bg2 d6 5.e3 a6 6.Nge2 Ba7 7.O-O
Nge7 8.Rb1 O-O 9.d4 Bf5 10.a3 Qd7 11.Re1 Nd8 12.a4 Bh3 13.Bh1
Ng6 {Íåðàçáîð÷èâàÿ çàïèñü} 1-0

[Event "Moscow Open 2009 A"]
[Site ""]
[Date "2009.02.05"]
[Round "6.72"]
[White "Borisenko, Andrei"]
[Black "Rzayev, Bahruz"]
[Result "1-0"]
[WhiteElo "2415"]
[BlackElo "2313"]
[Annotator ""]
[Source ""]
[Remark ""]

1.d4 f5 2.Nf3 e6 3.c4 d5 4.Nc3 c6 5.Bf4 Nf6 6.e3 Bd6 7.Bd3 O-O
8.Qc2 Ne4 9.O-O b6 10.Rac1 Bb7 11.Ne2 Na6 12.a3 Rc8 13.Qa4 Nb8
14.cxd5 exd5 15.Qxa7 Rf7 16.Qa4 c5 17.Bxd6 Nxd6 18.Ne5 Re7 19.f4
c4 20.Bb1 Nc6 21.Nc3 Na5 22.Rf2 Nb3 23.Rcf1 g6 24.h3 Qc7 25.g3
Ne4 26.Bxe4 dxe4 27.Rg2 Kh8 28.Kh2 Nc5 1-0

[Event "Moscow Open 2009 A"]
[Site ""]
[Date "2009.02.05"]
[Round "6.73"]
[White "Potapov, Pavel"]
[Black "Prokopchuk, Yury"]
[Result "1/2-1/2"]
[WhiteElo "2414"]
[BlackElo "2310"]
[Annotator ""]
[Source ""]
[Remark ""]

1.e4 Nf6 2.e5 Nd5 3.d4 d6 4.Nf3 dxe5 5.Nxe5 c6 6.Be2 Bf5 7.O-O
Nd7 8.Nf3 h6 9.c4 Nb4 10.Na3 e6 11.Be3 Be7 12.Ne1 O-O 13.Nac2
Nxc2 14.Nxc2 Qc7 15.Bd3 Bxd3 16.Qxd3 Bd6 17.h3 c5 18.Rad1 Rad8
19.b3 Nf6 20.Qe2 Rd7 21.Rd3 Rfd8 22.Rfd1 a6 23.Bc1 cxd4 24.Nxd4
Bc5 25.Nf3 Rxd3 26.Rxd3 Rxd3 27.Qxd3 Qb6 28.Qe2 Qd6 1/2-1/2

[Event "Moscow Open 2009 A"]
[Site ""]
[Date "2009.02.05"]
[Round "6.75"]
[White "Leontiev, Aleksandr V"]
[Black "Efanov, Nikolai"]
[Result "0-1"]
[WhiteElo "2309"]
[BlackElo "2411"]
[Annotator ""]
[Source ""]
[Remark ""]

1.c4 e5 2.Nc3 Nf6 3.Nf3 Nc6 4.e3 g6 5.d4 d6 6.d5 Ne7 7.e4 Bg7
8.c5 O-O 9.cxd6 cxd6 10.Be2 Nh5 11.O-O Nf4 12.Re1 f5 13.Bxf4
exf4 14.e5 dxe5 15.Bc4 e4 16.d6+ Kh8 17.dxe7 Qxe7 18.Qb3 Qf6
19.Nd5 Qd6 20.Ng5 h6 21.Nc3 Qe7 22.Nf7+ Kh7 23.Rad1 b5 24.Bd5
Rb8 25.Ne2 Bb7 26.Bxb7 Rxb7 27.Nd6 Rb6 0-1

[Event "Moscow Open 2009 A"]
[Site ""]
[Date "2009.02.05"]
[Round "6.76"]
[White "Hovhannisyan, Robert"]
[Black "Haroutjunian, Dmitri"]
[Result "1-0"]
[WhiteElo "2402"]
[BlackElo "2288"]
[Annotator ""]
[Source ""]
[Remark ""]

1.e4 c5 2.Nf3 d6 3.d4 cxd4 4.Nxd4 e6 5.Nc3 a6 6.Bd3 Nf6 7.O-O
Nbd7 8.Qe2 Qc7 9.f4 b5 10.a4 b4 11.Na2 d5 12.e5 Bc5 13.Be3 Ne4
14.Nb3 Be7 15.Rac1 Nec5 16.Nxb4 Nxa4 17.Ra1 Nxb2 18.Nxa6 Bxa6
19.Bb5 Kf8 20.Bxa6 f5 21.exf6 Bxf6 22.f5 Ke7 23.fxe6 Nc4 24.Bf4 1-0

[Event "Moscow Open 2009 A"]
[Site ""]
[Date "2009.02.05"]
[Round "6.77"]
[White "Reprintsev, Alexander"]
[Black "Rakhimgaliyev, Erlan"]
[Result "0-1"]
[WhiteElo "2400"]
[BlackElo "2272"]
[Annotator ""]
[Source ""]
[Remark ""]

1.e4 e5 2.f4 d5 3.exd5 e4 4.d3 Nf6 5.Qe2 Qxd5 6.Nc3 Bb4 7.Bd2
Bxc3 8.Bxc3 Bg4 9.dxe4 Bxe2 10.exd5 Bxf1 11.Kxf1 Nxd5 12.Bxg7
Rg8 13.Be5 f6 14.Bc3 Nxf4 15.Bd2 Ne6 16.Nf3 Nc6 17.Kf2 O-O-O
18.Rad1 Ne5 19.Rhe1 Nd4 20.Nxd4 Rxd4 21.Bc3 Rf4+ 22.Ke3 Rh4 23.Bxe5
fxe5 24.Kf3 Rf4+ 25.Ke3 Rxg2 26.Rd5 Rxh2 27.Rxe5 Rff2 0-1

[Event "Moscow Open 2009 A"]
[Site ""]
[Date "2009.02.05"]
[Round "6.78"]
[White "Kashlinskaya, Alina"]
[Black "Okara, Andrey"]
[Result "1-0"]
[WhiteElo "2302"]
[BlackElo "2394"]
[Annotator ""]
[Source ""]
[Remark ""]

1.d4 Nf6 2.c4 e5 3.dxe5 Ng4 4.Bf4 g5 5.Bg3 Bg7 6.Nf3 Nc6 7.Nc3
Ngxe5 8.Nxe5 Nxe5 9.e3 h5 10.h4 g4 11.c5 b6 12.Qd5 c6 13.Qe4
Qe7 14.O-O-O bxc5 15.f4 gxf3 16.gxf3 Rb8 17.Rg1 f5 18.Qxf5 d5
19.Qc2 Bf6 20.Rxd5 Rxb2 21.Qxb2 cxd5 22.Qb5+ 1-0

[Event "Moscow Open 2009 A"]
[Site ""]
[Date "2009.02.05"]
[Round "6.79"]
[White "Zhadanov, Vasili B"]
[Black "Agaragimov, Djakhangir"]
[Result "1-0"]
[WhiteElo "2233"]
[BlackElo "2393"]
[Annotator ""]
[Source ""]
[Remark ""]

1.e4 c5 2.Nf3 g6 3.d4 cxd4 4.Nxd4 Nc6 5.Nc3 Bg7 6.Be3 Nf6 7.Be2
O-O 8.O-O d6 9.h3 Bd7 10.Qd2 Nxd4 11.Bxd4 Bc6 12.Bf3 Re8 13.Rfe1
Nd7 {Íåðàçáîð÷èâàÿ çàïèñü} 1-0

[Event "Moscow Open 2009 A"]
[Site ""]
[Date "2009.02.05"]
[Round "6.80"]
[White "Venevtsev, Andrey"]
[Black "Yuferov, Sergey N"]
[Result "1/2-1/2"]
[WhiteElo "2230"]
[BlackElo "2392"]
[Annotator ""]
[Source ""]
[Remark ""]

1.e4 c5 2.Nf3 e6 3.d4 cxd4 4.Nxd4 a6 5.Nc3 Qc7 6.Bd3 Nf6 7.O-O
b5 8.Qe2 d6 9.f4 Bb7 10.Bd2 Nbd7 11.b4 Rc8 12.Kh1 Be7 13.a4 bxa4
14.Rxa4 O-O 15.Bxa6 Bxa6 16.Rxa6 Qc4 17.Qxc4 Rxc4 18.Nc6 Re8
19.Nxe7+ Rxe7 20.Rxd6 Ne8 21.Rd3 f6 22.Rb1 Kf7 23.Kg1 Nb8 24.b5
Rb7 25.Kf2 Nd7 26.Kf3 Nc5 1/2-1/2

[Event "Moscow Open 2009 A"]
[Site ""]
[Date "2009.02.05"]
[Round "6.81"]
[White "Yarmolenko, Evgeny"]
[Black "Gorbatov, Alexej"]
[Result "0-1"]
[WhiteElo "2211"]
[BlackElo "2389"]
[Annotator ""]
[Source ""]
[Remark ""]

1.e4 c5 2.Nf3 a6 3.c3 e6 4.d4 d5 5.e5 Bd7 6.Be3 cxd4 7.cxd4 Bb5
8.Bxb5+ axb5 9.O-O Nc6 10.Nc3 b4 11.Ne2 h5 12.Bg5 Be7 13.h4 Bxg5
14.Nxg5 Nh6 15.Nf3 g6 16.Qd3 Qd7 17.a3 bxa3 18.Rxa3 Rxa3 19.Qxa3
Qe7 20.Qd3 Kd7 21.Qc2 Ra8 22.g3 Nf5 23.Qb3 Ke8 24.Rc1 Kf8 0-1

[Event "Moscow Open 2009 A"]
[Site ""]
[Date "2009.02.05"]
[Round "6.82"]
[White "Mokshanov, Alexey"]
[Black "Kargin, Arseny"]
[Result "1-0"]
[WhiteElo "2185"]
[BlackElo "2389"]
[Annotator ""]
[Source ""]
[Remark ""]

1.e4 c5 2.Nf3 d6 3.Bb5+ Nd7 4.O-O Ngf6 5.Re1 a6 6.Bf1 b6 7.b3
Bb7 8.d3 g6 9.Bb2 Bg7 10.g3 O-O 11.Bg2 b5 12.Nbd2 e5 13.a4 Qc7
14.c4 b4 15.Nf1 Qd8 16.Ne3 Nb8 17.Nd5 Bc8 18.Nd2 Be6 19.Rf1 Ra7
20.Qe2 Nc6 21.h3 Nd7 22.Kh2 a5 23.Rab1 Nd4 24.Bxd4 cxd4 25.f4
f5 26.exf5 gxf5 27.fxe5 dxe5 28.Nf4 Bf7 29.Nh5 Bg6 30.Bd5+ Kh8
31.Nxg7 Kxg7 32.Rbe1 Re8 33.Bc6 Qb8 34.Nf3 Qd6 35.Bb5 Re7 36.Bxd7
Raxd7 37.Nh4 Qe6 38.Qf2 e4 39.dxe4 f4 40.gxf4 Bxe4 41.f5 Qf6
42.Rxe4 Rxe4 43.Qg2+ Kf7 44.Qxe4 1-0

[Event "Moscow Open 2009 A"]
[Site ""]
[Date "2009.02.05"]
[Round "6.83"]
[White "Reutsky, Sergei"]
[Black "Tilicheev, Viacheslav"]
[Result "0-1"]
[WhiteElo "2381"]
[BlackElo "2242"]
[Annotator ""]
[Source ""]
[Remark ""]

1.e4 e5 2.Nf3 Nc6 3.Bc4 Nf6 4.d3 Bc5 5.O-O a6 6.c3 Ba7 7.Bb3
O-O 8.Nbd2 d6 9.Nc4 Be6 10.h3 h6 11.Ne3 d5 12.Qc2 Re8 13.Rd1
Qd7 14.Kh2 Rad8 15.Qe2 Qe7 16.Bc2 d4 17.Nf1 dxc3 18.bxc3 Qc5
19.Bb2 Qxf2 20.Qxf2 Bxf2 21.d4 exd4 22.cxd4 Nb4 23.Bb1 Bc4 24.a3
Be2 25.Rd2 Bxf1 26.Rxf2 Nd3 27.Rxf1 Nxb2 28.Rc1 Nxe4 29.Rxc7
b5 30.Ba2 Nd6 31.Bd5 Nbc4 32.Ra7 a5 33.Ra2 Re3 34.a4 Nb6 35.Bc6
b4 36.Rxa5 b3 37.Rf2 Nbc4 38.Rc5 b2 39.Rf1 Rb8 40.Bb5 Nxb5 41.axb5 0-1

[Event "Moscow Open 2009 A"]
[Site ""]
[Date "2009.02.05"]
[Round "6.84"]
[White "Moiseev, Gumar"]
[Black "Pichugin, Andrei"]
[Result "1-0"]
[WhiteElo "2380"]
[BlackElo "2221"]
[Annotator ""]
[Source ""]
[Remark ""]

1.e4 c5 2.Nf3 Nc6 3.Bb5 d6 4.O-O Bd7 5.Re1 Ne5 6.Bxd7+ Qxd7 7.Nxe5
dxe5 8.b3 g6 9.Bb2 Bg7 10.Na3 Nh6 11.f4 O-O 12.fxe5 Ng4 13.Nc4
Qe6 14.a4 b6 15.d4 cxd4 16.Qxd4 Rfd8 17.Qc3 Rac8 18.Qg3 a6 19.h3
b5 20.Qxg4 Qxg4 21.hxg4 bxc4 22.Rad1 Kf8 23.Rd5 e6 24.Rxd8+ Rxd8
25.Ba3+ Ke8 26.Bd6 f6 27.exf6 Rxd6 28.fxg7 Kf7 29.e5 Rd2 30.Re4
c3 31.Rf4+ Kxg7 32.Rf2 1-0

[Event "Moscow Open 2009 A"]
[Site ""]
[Date "2009.02.05"]
[Round "6.85"]
[White "Balashov, Yuri S"]
[Black "Konovalov, Vladislav"]
[Result "1-0"]
[WhiteElo "2378"]
[BlackElo "2208"]
[Annotator ""]
[Source ""]
[Remark ""]

1.e4 d5 2.exd5 Nf6 3.Bb5+ Nbd7 4.d4 Nxd5 5.Nf3 a6 6.Bd3 b5 7.a4
b4 8.O-O e6 9.Re1 Be7 10.Nbd2 O-O 11.Ne5 Nxe5 12.dxe5 Bg5 13.Qg4
Rb8 14.h4 Bxd2 15.Bxd2 f5 16.Qh3 a5 17.h5 Rb6 18.h6 g6 19.Rad1
Qe8 20.Be3 Qxa4 21.Bxb6 cxb6 22.Bc4 Qc6 23.Bxd5 exd5 24.e6 Bxe6
25.Qh4 Kf7 26.Qd4 Rg8 27.Rd2 1-0

[Event "Moscow Open 2009 A"]
[Site ""]
[Date "2009.02.05"]
[Round "6.86"]
[White "Ozolin, Maxim"]
[Black "Denisov, Ivan"]
[Result "1-0"]
[WhiteElo "2377"]
[BlackElo "2193"]
[Annotator ""]
[Source ""]
[Remark ""]

1.e4 c5 2.Nf3 d6 3.d4 cxd4 4.Nxd4 Nf6 5.Nc3 a6 6.Be2 e5 7.Nb3
Be6 8.f4 Qc7 9.g4 b5 10.a3 h6 11.Bf3 Be7 12.f5 Bc4 13.Be3 Nbd7
14.Qd2 a5 15.Qg2 Rc8 16.h4 b4 17.axb4 axb4 18.Nd1 d5 19.g5 dxe4
20.Bxe4 Nxe4 21.Qxe4 Qd6 22.Ra8 Rxa8 23.Qxa8+ Bd8 24.Rh2 Nb6
25.Qf3 Bd5 26.Qg3 Nc4 27.Bc5 Qc6 28.Ne3 Nxe3 29.Bxe3 e4 30.Qe5+
Kf8 31.Rd2 hxg5 32.Qxd5 Qxd5 33.Rxd5 Bf6 34.Bxg5 1-0

[Event "Moscow Open 2009 A"]
[Site ""]
[Date "2009.02.05"]
[Round "6.87"]
[White "Barsamian, Eduard"]
[Black "Morev, Ivan"]
[Result "1-0"]
[WhiteElo "2138"]
[BlackElo "2249"]
[Annotator ""]
[Source ""]
[Remark ""]

1.d4 Nf6 2.c4 g6 3.Nc3 Bg7 4.e4 d6 5.f3 c6 6.Be3 a6 7.Qd2 O-O
8.Nge2 b5 9.Nc1 bxc4 10.Bxc4 d5 11.Be2 dxe4 12.fxe4 Ng4 13.Bxg4
Bxg4 14.h3 Be6 15.O-O Bc4 16.Rd1 a5 17.Qf2 a4 18.Nd3 Qa5 19.Rac1
Nd7 20.a3 Rac8 21.Nb4 Bb3 22.Rf1 e6 23.Nb1 Qb5 24.Nd2 c5 25.Nxb3
cxb4 26.Rxc8 Rxc8 27.Qxf7+ Kh8 28.Nd2 bxa3 29.bxa3 Rf8 30.Qe7
Qd3 31.Rxf8+ Bxf8 32.Qg5 Qxa3 33.Nc4 Qe7 34.Qa5 Qb4 35.Qa6 a3
36.Kh2 e5 37.dxe5 Nc5 38.Qf6+ Kg8 39.e6 Qxc4 40.Qf7+ 1-0

[Event "Moscow Open 2009 A"]
[Site ""]
[Date "2009.02.05"]
[Round "6.88"]
[White "Zolotukhin, Valery"]
[Black "Gavrilov, Alexei"]
[Result "0-1"]
[WhiteElo "2358"]
[BlackElo "2481"]
[Annotator ""]
[Source ""]
[Remark ""]

1.d4 Nf6 2.c4 e6 3.Nf3 d5 4.Nc3 Be7 5.Bg5 h6 6.Bxf6 Bxf6 7.e3
O-O 8.Qd2 c6 9.h4 g6 10.O-O-O Bg7 11.Ne5 Nd7 12.f4 Nxe5 13.dxe5
Qe7 14.h5 g5 15.Bd3 a6 16.Kb1 b5 17.cxd5 exd5 18.Bc2 Rd8 19.Qd3
Kf8 20.Rdf1 b4 21.Ne2 c5 22.Rf2 a5 0-1

[Event "Moscow Open 2009 A"]
[Site ""]
[Date "2009.02.05"]
[Round "6.89"]
[White "Ziatdinov, Raset"]
[Black "Kalmachevskikh, Viktor"]
[Result "1/2-1/2"]
[WhiteElo "2440"]
[BlackElo "2306"]
[Annotator ""]
[Source ""]
[Remark ""]

1.e4 c5 2.Nf3 Nc6 3.d4 cxd4 4.Nxd4 Nf6 5.Nc3 g6 6.Bc4 Bg7 7.Nxc6
bxc6 8.e5 Ng8 9.Qf3 f5 10.Bf4 e6 11.O-O-O Qc7 12.Bb3 Rb8 13.Nb1
Nh6 14.Nd2 Ba6 15.Bc4 Qb6 16.Qb3 Qxb3 17.axb3 Bxc4 18.Nxc4 Nf7
19.Be3 Rb7 20.f4 Bf8 21.Kd2 d5 22.exd6 Nxd6 23.Nxd6+ Bxd6 24.Ra1
O-O 25.Ra6 Rc7 26.c3 Rff7 27.Rha1 e5 28.fxe5 Bxe5 29.h3 f4 30.Bxa7 1/2-1/2